Globalización y diversidad cultural : (Registro nro. 24666)
[ vista simple ]
| 000 -LEADER | |
|---|---|
| fixed length control field | 01208cam a2200337 i 4500 |
| 001 - CONTROL NUMBER | |
| control field | 24666 |
| 003 - CONTROL NUMBER IDENTIFIER | |
| control field | Mx-PuUPA |
| 005 - DATE AND TIME OF LATEST TRANSACTION | |
| control field | 20251003120202.0 |
| 008 - FIXED-LENGTH DATA ELEMENTS--GENERAL INFORMATION | |
| fixed length control field | 140415s2004 pe a gr 000 0 spa d |
| 020 ## - INTERNATIONAL STANDARD BOOK NUMBER | |
| International Standard Book Number | 9972511146 |
| 040 ## - CATALOGING SOURCE | |
| Transcribing agency | Mx-PuUPA |
| Original cataloging agency | Mx-PuUPA |
| Language of cataloging | spa |
| Modifying agency | Mx-PuUPA |
| Description conventions | rda |
| 041 0# - LANGUAGE CODE | |
| Language code of text/sound track or separate title | spa |
| 043 ## - GEOGRAPHIC AREA CODE | |
| Geographic area code | cl----- |
| 245 00 - TITLE STATEMENT | |
| Title | Globalización y diversidad cultural : |
| Remainder of title | una mirada desde América Latina / |
| Statement of responsibility, etc. | compiladores, Ramón Pajuelo, Pablo Sandoval |
| 250 ## - EDITION STATEMENT | |
| Edition statement | Primera edición / |
| Remainder of edition statement | noviembre |
| 264 #1 - PRODUCTION, PUBLICATION, DISTRIBUTION, MANUFACTURE, AND COPYRIGHT NOTICE | |
| Place of production, publication, distribution, manufacture | Lima, Perú : |
| Name of producer, publisher, distributor, manufacturer | IEP Ediciones, |
| Date of production, publication, distribution, manufacture, or copyright notice | 2004 |
| 300 ## - PHYSICAL DESCRIPTION | |
| Extent | 464 páginas : |
| Other physical details | ilustraciones ; |
| Dimensions | 21 cm |
| 336 ## - CONTENT TYPE | |
| Fuente | rdacontent |
| Content type term | texto |
| Content type code | txt |
| 337 ## - MEDIA TYPE | |
| Source | rdamedia |
| Media type term | sin medio |
| Media type code | n |
| 338 ## - CARRIER TYPE | |
| Source | rdacarrier |
| Carrier type term | volumen |
| Carrier type code | nc |
| 490 0# - SERIES STATEMENT | |
| Series statement | Lecturas Contemporáneas ; |
| Volume/sequential designation | 2 |
| 650 #7 - SUBJECT ADDED ENTRY--TOPICAL TERM | |
| Source of heading or term | armarc |
| Topical term or geographic name entry element | Globalización |
| Geographic subdivision | América Latina |
| 650 #7 - SUBJECT ADDED ENTRY--TOPICAL TERM | |
| Source of heading or term | armarc |
| Topical term or geographic name entry element | Cultura y globalización |
| Geographic subdivision | América Latina |
| 650 #7 - SUBJECT ADDED ENTRY--TOPICAL TERM | |
| Source of heading or term | armarc |
| Topical term or geographic name entry element | Plurolisma cultural |
| Geographic subdivision | América Latina |
| 651 #4 - SUBJECT ADDED ENTRY--GEOGRAPHIC NAME | |
| Geographic name | América Latina |
| General subdivision | Condiciones sociales |
| Chronological subdivision | 1982 |
| 700 1# - ADDED ENTRY--PERSONAL NAME | |
| Personal name | Calderón, Fernando, |
| Relator term | compilador |
| 700 1# - ADDED ENTRY--PERSONAL NAME | |
| Personal name | Sandoval, Pablo, |
| Relator term | compilador |
| 942 ## - ADDED ENTRY ELEMENTS (KOHA) | |
| Source of classification or shelving scheme | Dewey Decimal Classification |
| Koha item type | Libro |
| Classification part | 338.98 |
| Item part | G56 |
| Withdrawn status | Lost status | Source of classification or shelving scheme | Damaged status | Not for loan | Collection code | Home library | Current library | Shelving location | Date acquired | Source of acquisition | Total Checkouts | Full call number | Barcode | Date last seen | Price effective from | Koha item type |
|---|---|---|---|---|---|---|---|---|---|---|---|---|---|---|---|---|
| Dewey Decimal Classification | General | Biblioteca Karol Wojtyla | Biblioteca Karol Wojtyla | Sala general | 03/12/2013 | Donación | 338.98 G56 2004 | 46064 | 05/01/2026 | 03/12/2013 | Libro |